[Event "Concordia op 6th"]
[Site "Concordia"]
[Date "2022.10.14"]
[Round "6"]
[White "Borges, Luis Enrique Rosa"]
[Black "Eberhard, Gustavo Henrique"]
[Result "0-1"]
[WhiteElo "1545"]
[BlackElo "1307"]
[PlyCount "70"]
[EventDate "2022.10.12"]
[EventType "swiss"]
[EventRounds "9"]
[EventCountry "BRA"]
[SourceTitle "CBM 210 Extra"]
[Source "ChessBase"]
[SourceDate "2022.11.30"]
[SourceVersion "1"]
[SourceVersionDate "2022.11.30"]
[SourceQuality "1"]

1. e4 e6 2. d4 d5 3. e5 c5 4. c3 Nc6 5. Nf3 Qb6 6. Bd3 Bd7 7. Bc2 f6 8. 0-0 Be7 9. Re1 0-0-0 10. Ba4 g5 11. exf6 Bxf6 12. Nxg5 Bxg5 13. Bxg5 Nge7 14. Qb3 Rde8 15. dxc5 Qxc5 16. Nd2 Rhg8 17. Be3 Qd6 18. g3 a6 19. Bf4 e5 20. Be3 b5 21. Bxb5 axb5 22. a4 Na5 23. Qb4 Qxb4 24. cxb4 Nc4 25. b3 Nxd2 26. Bxd2 Nc6 27. Rec1 Kb7 28. Rc5 Nd4 29. Rxd5 Bc6 30. Rd6 Kc7 31. Rh6 Nf3+ 32. Kf1 Nxd2+ 33. Ke2 Nxb3 34. Rxh7+ Kb6 35. Ra2 Nc1+ 0-1

[Event "Florianopolis op 7th"]
[Site "Florianopolis"]
[Date "2021.01.22"]
[Round "7"]
[White "Borges, Luis Enrique Rosa"]
[Black "Nunes, Agatha Hurba"]
[Result "0-1"]
[WhiteElo "1557"]
[BlackElo "1817"]
[PlyCount "88"]
[EventDate "2021.01.18"]
[EventType "swiss"]
[EventRounds "10"]
[EventCountry "BRA"]
[SourceTitle "CBM 200 Extra"]
[Source "ChessBase"]
[SourceDate "2021.03.31"]
[SourceVersion "1"]
[SourceVersionDate "2021.03.31"]
[SourceQuality "1"]

1. e4 e6 2. d4 d5 3. Nc3 Nf6 4. e5 Nfd7 5. Nf3 c5 6. Be3 Nc6 7. Be2 Qb6 8. Na4 Qa5+ 9. c3 cxd4 10. b4 Qc7 11. Bxd4 Ndxe5 12. Nxe5 Nxe5 13. 0-0 Bd7 14. Nc5 Nc6 15. Nxd7 Qxd7 16. Be3 Bd6 17. Qd2 0-0 18. h4 Qe7 19. g3 Rfd8 20. Kg2 Be5 21. Bd4 Bxd4 22. cxd4 Qxb4 23. Qxb4 Nxb4 24. Rab1 Nxa2 25. Rxb7 a5 26. Ra1 Nb4 27. Rb5 Nc6 28. Bd1 Nxd4 29. Rbxa5 Rxa5 30. Rxa5 Kf8 31. Ra4 Nb5 32. Rb4 Nc3 33. Bf3 d4 34. Rc4 Ke7 35. Kf1 Rd7 36. Ke1 e5 37. Bg4 Ra7 38. Kd2 g6 39. f4 f5 40. fxe5 Ne4+ 41. Kd3 Nf2+ 42. Kxd4 Nxg4 43. Rc5 Kd7 44. Rc4 Ke6 0-1

[Event "Florianopolis op 6th"]
[Site "Florianopolis"]
[Date "2020.01.23"]
[Round "5"]
[White "Nunes, Nicole"]
[Black "Borges, Luis Enrique Rosa"]
[Result "0-1"]
[WhiteElo "1096"]
[BlackElo "1603"]
[PlyCount "62"]
[EventDate "2020.01.20"]
[EventType "swiss"]
[EventRounds "10"]
[EventCountry "BRA"]
[SourceTitle "CBM 194 Extra"]
[Source "ChessBase"]
[SourceDate "2020.03.31"]
[SourceVersion "1"]
[SourceVersionDate "2020.03.31"]
[SourceQuality "1"]

1. e4 c5 2. Nf3 Nc6 3. d4 cxd4 4. Nxd4 g6 5. Bc4 Bg7 6. Qf3 Ne5 7. Qe2 Nxc4 8. Qxc4 a6 9. 0-0 d6 10. Qc3 Nf6 11. Be3 Nxe4 12. Qd3 Nc5 13. Qd2 0-0 14. Bh6 Ne6 15. Nxe6 Bxe6 16. Nc3 Qd7 17. Ne4 Rac8 18. Qg5 f6 19. Qh4 Rxc2 20. Rad1 Rfc8 21. h3 R8c4 22. b3 Rb4 23. a3 Rxb3 24. Bg5 fxg5 25. Nxg5 h6 26. Nxe6 Qxe6 27. Rde1 Re2 28. f3 Rbb2 29. Rc1 Rxg2+ 30. Kh1 Rh2+ 31. Kg1 Rbg2# 0-1

[Event "Santa Catarina State-ch 63rd"]
[Site "Timbo"]
[Date "2019.06.08"]
[Round "3"]
[White "Gauche, Charles"]
[Black "Borges, Luis Enrique Rosa"]
[Result "1-0"]
[WhiteElo "2206"]
[BlackElo "1577"]
[PlyCount "61"]
[EventDate "2019.06.07"]
[EventType "swiss"]
[EventRounds "6"]
[EventCountry "BRA"]
[SourceTitle "EXT 2020"]
[Source "ChessBase"]
[SourceDate "2019.10.17"]
[SourceVersion "1"]
[SourceVersionDate "2019.10.17"]
[SourceQuality "1"]

1. e4 e5 2. Nf3 Nc6 3. Bc4 Bc5 4. c3 Nf6 5. 0-0 0-0 6. d4 exd4 7. cxd4 Na5 8. Bd3 Bb6 9. Bg5 Qe8 10. Bxf6 gxf6 11. d5 c5 12. Qd2 c4 13. Bc2 d6 14. Qh6 Qd8 15. e5 f5 16. Ng5 Qxg5 17. Qxg5+ Kh8 18. Qf6+ Kg8 19. Qxd6 Rd8 20. Qf6 Rxd5 21. Nc3 Rd2 22. Qg5+ Kh8 23. Qxd2 Be6 24. Rad1 Nc6 25. Qg5 Rg8 26. Qf6+ Rg7 27. Bxf5 Nd4 28. Rxd4 Bxd4 29. Qd8+ Rg8 30. Qxd4 Bxf5 31. e6+ 1-0